00900cam a2200241 a 450000100060000000300080000600500170001400800390003103500190007004000350008904100080012408200240013210000290015624500770018526000600026230000250032250400200034760000420036765100620040994200120047199900170048395201580050018151BD-RjUL20211209000238.0150530s1981 kn a 000 0 eng a(BD-RjUL)18209 aBD-RjULcBD-RjULdBD-RjULbeng aeng a951.93043bKIM 1981 a Kim, Il-sŏng,9116785 aKim Il Sung :bworks /cIl-sŏng Kim.nVolume 4.pJanuary-December 1948 aPyongyang, Korea :bForeign Languages Pub. House,c1981 a433p.bill.; c21cm. aIncludes index. a Kim, Il-sŏng,c1912-1994. 9116785 3Korea (North)xPolitics and governmenty1948-19949116799 2ddccBK c18151d18151 00102ddc40718NFICaRUCLbRUCLcReadingd1988-09-11eAsia Foundation, Gift.g0.00l0o951.93043 KIM V-4 1981r2015-05-31 00:00:00tC-1w2015-05-31yBK